NoPixel 3.0 - All Ever Angels Members/Associates - Statistics

General Stats
  • This quiz has been taken 258 times
    90 since last reset
  • The average score is 13 of 23
Answer Stats
Angels % Correct
Claire Seducer
97%
Lexi Law
94%
Liam Law
91%
Violet van Housen
89%
Abby Brooks
80%
Oakley Stallion
80%
Alexander Campbell
72%
Charles
69%
Cassie Cupcake
68%
Justin Bridges
65%
Randy Bullet
62%
Juan Carlos Hernandez
60%
Blaine Burke
51%
Zoey Marie
49%
Mia Beyern
45%
Kanye Mushkin
42%
Tommy Tate
40%
Wayne Biggaz
32%
Susie Carmichael
29%
Marlo Stanfield
28%
Aleksander Sazkaljovich
22%
Jacob Harth
17%
Autumn Rhodes
14%
No matching quizzes found
Score Distribution
Percent of People with Each Score
Percentile by Number Answered
Your Score History
You have not taken this quiz since the last reset